Quy định liên quan đến tai nạn nhiễm HIV /

Enregistré dans:
Détails bibliographiques
Auteur principal: Cẩm Viên.
Format: Article
Langue:Vietnamese
Sujets:
Tags: Ajouter un tag
Pas de tags, Soyez le premier à ajouter un tag!
Thư viện lưu trữ: Thư viện Trường Đại học Đà Lạt
LEADER 00746nam a2200265 4500
001 DLU100106016
005 ##20100409
040 # # |a DLU  |b vie 
041 # # |a vie 
044 # # |a vn 
100 # # |a Cẩm Viên. 
245 # # |a Quy định liên quan đến tai nạn nhiễm HIV /  |c Cẩm Viên. 
653 # # |a Bảo hiểm 
653 # # |a Bệnh nghề nghiệp 
653 # # |a Bệnh truyền nhiễm 
773 # # |t Thuốc và sức khỏe  |g Số12(369), 2008, tr. 9 
920 # # |a Phòng Tạp chí -- Trung tâm Thông tin - Thư viện Trường Đại học Đà Lạt 
994 # # |a DLU 
900 # # |a True 
911 # # |a Nguyễn Thị Linh Chi 
925 # # |a G 
926 # # |a A 
927 # # |a BB 
980 # # |a Thư viện Trường Đại học Đà Lạt